Situación nacional y de la clase obrera hondureña; documentos del XIII pleno ampliado del comité central del PCH

Analiza la situación general hondureña y de la clase obrera en particular, con énfasis en el año 1973 - Enmarca el análisis en el contexto de la crisis general del capitalismo mundial y de la posición anticolonialista de numerosos pueblos en el mundo. Estudia los antecedentes, las características y...

Cur síos iomlán

Sábháilte in:
Sonraí bibleagrafaíochta
Údar corparáideach: Partido Comunista de Honduras
Formáid: Téacs
Foilsithe / Cruthaithe: Tegucigalpa: Ediciones COMPOL
Clibeanna: Cuir clib leis
Níl clibeanna ann, Bí ar an gcéad duine le clib a chur leis an taifead seo!

MARC

LEADER 00000 a a2200000 04500
001 20538
003
040
090 |a 086300  
110 |a Partido Comunista de Honduras  
245 |a Situación nacional y de la clase obrera hondureña; documentos del XIII pleno ampliado del comité central del PCH  
260 |a Tegucigalpa:   |b Ediciones COMPOL  
300 |a 69 p.  
520 |a Analiza la situación general hondureña y de la clase obrera en particular, con énfasis en el año 1973 - Enmarca el análisis en el contexto de la crisis general del capitalismo mundial y de la posición anticolonialista de numerosos pueblos en el mundo. Estudia los antecedentes, las características y consecuencias del golpe de estado del 4 de diciembre de 1972 y explica a que intereses de clases responde ente nuevo golpe militar y cuales son las perspectivas del país dentro de las nuevas condiciones políticas. Precisa la línea política que los comunistas hondureños han adoptado para el momento actual. Comenta las medidas reformistas tomadas por el gobierno surgido del golpe de Estado. Critica las posiciones de los grupos de ultraderecha y de ultraizquierda  
999 |c 17460  |d 17460